| 000 | 00460nam a22001697a 4500 | ||
|---|---|---|---|
| 003 | NUST - PNEC | ||
| 005 | 20170116180808.0 | ||
| 008 | 150423b xxu||||| |||| 00| 0 eng d | ||
| 040 | _cLIBRARY | ||
| 082 | _a297.63 ABI | ||
| 100 |
_93147 _aAbid, Ahmed |
||
| 245 |
_aShan-e-Mohammad S.A.W _cMian Abid Ahmed |
||
| 260 |
_aBahawalpur: _bIdara Adab o Saqafat, |
||
| 300 |
_a565 p. : _c22 cm. |
||
| 650 |
_93149 _aIslam, Prophet (PBUH) _xGeneral |
||
| 942 |
_2ddc _cBK |
||
| 999 |
_c63271 _d63271 |
||